[Event "Open"]
[Site "Saint Louis, US"]
[Date "2025.10.20"]
[Round "8"]
[White "Woodward, Andy"]
[Black "Niemann, Hans Moke"]
[Result "1-0"]
[Board "4"]
[WhiteFideId "30953499"]
[BlackFideId "2093596"]
[WhiteTitle "GM"]
[BlackTitle "GM"]
[WhiteElo "2590"]
[BlackElo "2738"]
[WhiteTeam "USA"]
[BlackTeam "USA"]
[WhiteClock "0:23:17"]
[BlackClock "0:01:19"]
[Variant "Standard"]

1. d4 {[%clk 1:30:50]}  Nf6 {[%clk 1:30:11]} 2. Nf3 {[%clk 1:30:56]}  e6 {[%clk 1:27:06]} 3. c4 {[%clk 1:30:41]}  d5 {[%clk 1:26:35]} 4. Nc3 {[%clk 1:30:32]}  Nbd7 {[%clk 1:24:18]} 5. Bf4 {[%clk 1:30:09]}  Bb4 {[%clk 1:23:57]} 6. cxd5 {[%clk 1:29:56]}  exd5 {[%clk 1:24:17]} 7. e3 {[%clk 1:30:20]}  c5 {[%clk 1:21:50]} 8. Bd3 {[%clk 1:30:18]}  c4 {[%clk 1:18:06]} 9. Bc2 {[%clk 1:29:59]}  Qa5 {[%clk 1:18:15]} 10. O-O {[%clk 1:29:49]}  O-O {[%clk 1:18:33]} 11. a4 {[%clk 1:29:59]}  a6 {[%clk 1:16:14]} 12. Ne5 {[%clk 1:15:20]}  Bxc3 {[%clk 1:09:56]} 13. bxc3 {[%clk 1:12:56]}  Qxc3 {[%clk 1:09:08]} 14. Nxd7 {[%clk 1:10:01]}  Bxd7 {[%clk 1:09:03]} 15. Qb1 {[%clk 1:10:01]}  Qa5 {[%clk 1:02:36]} 16. Qxb7 {[%clk 1:09:52]}  Rfc8 {[%clk 1:02:10]} 17. Rfb1 {[%clk 1:02:09]}  Qc3 {[%clk 0:47:18]} 18. Qb2 {[%clk 0:53:50]}  Ne4 {[%clk 0:46:43]} 19. Qc1 {[%clk 0:52:19]}  Qa5 {[%clk 0:43:39]} 20. Rb7 {[%clk 0:44:59]}  Bc6 {[%clk 0:42:40]} 21. Rb2 {[%clk 0:45:13]}  c3 {[%clk 0:35:26]} 22. Rb3 {[%clk 0:44:59]}  Bd7 {[%clk 0:35:06]} 23. Raa3 {[%clk 0:44:03]}  g5 {[%clk 0:25:12]} 24. Bg3 {[%clk 0:39:22]}  Rc6 {[%clk 0:24:06]} 25. Bxe4 {[%clk 0:35:20]}  dxe4 {[%clk 0:24:27]} 26. Rxc3 {[%clk 0:35:31]}  Rac8 {[%clk 0:24:52]} 27. Rxc6 {[%clk 0:35:52]}  Rxc6 {[%clk 0:25:15]} 28. Qd1 {[%clk 0:31:53]}  Bg4 {[%clk 0:20:01]} 29. f3 {[%clk 0:24:11]}  Bf5 {[%clk 0:20:26]} 30. h3 {[%clk 0:21:55]}  Qd5 {[%clk 0:18:42]} 31. f4 {[%clk 0:21:08]}  h6 {[%clk 0:17:36]} 32. Rb3 {[%clk 0:20:13]}  Kg7 {[%clk 0:14:02]} 33. Rb8 {[%clk 0:18:15]}  Qd6 {[%clk 0:11:51]} 34. d5 {[%clk 0:18:03]}  f6 {[%clk 0:05:10]} 35. Kh2 {[%clk 0:16:30]}  Qxb8 {[%clk 0:03:06]} 36. dxc6 {[%clk 0:16:54]}  Qc8 {[%clk 0:03:23]} 37. Qd6 {[%clk 0:16:37]}  g4 {[%clk 0:03:05]} 38. hxg4 {[%clk 0:16:39]}  Bxg4 {[%clk 0:03:31]} 39. Qe7+ {[%clk 0:17:03]}  Kg6 {[%clk 0:03:37]} 40. Qxe4+ {[%clk 0:17:27]}  Bf5 {[%clk 0:00:44]} 41. Qc4 {[%clk 0:17:15]}  Qe6 {[%clk 0:30:03]} 42. Qxe6 {[%clk 0:22:27]}  Bxe6 {[%clk 0:30:27]} 43. e4 {[%clk 0:22:34]}  f5 {[%clk 0:29:41]} 44. exf5+ {[%clk 0:20:44]}  Kxf5 {[%clk 0:06:43]} 45. Kh3 {[%clk 0:21:02]}  Bd5 {[%clk 0:04:23]} 46. c7 {[%clk 0:21:23]}  Be6 {[%clk 0:04:50]} 47. Kh4 {[%clk 0:21:30]}  Kg6 {[%clk 0:05:15]} 48. Bf2 {[%clk 0:21:51]}  h5 {[%clk 0:05:42]} 49. Bd4 {[%clk 0:22:03]}  Bc8 {[%clk 0:05:04]} 50. Be5 {[%clk 0:22:26]}  Bf5 {[%clk 0:05:14]} 51. a5 {[%clk 0:20:32]}  Bc8 {[%clk 0:01:45]} 52. Kg3 {[%clk 0:20:51]}  Bb7 {[%clk 0:00:34]} 53. Kf2 {[%clk 0:21:13]}  Kf5 {[%clk 0:00:36]} 54. Ke3 {[%clk 0:21:36]}  h4 {[%clk 0:00:50]} 55. Kd4 {[%clk 0:21:47]}  Ke6 {[%clk 0:00:32]} 56. Kc5 {[%clk 0:22:11]}  Kd7 {[%clk 0:00:58]} 57. f5 {[%clk 0:22:29]}  Bxg2 {[%clk 0:01:21]} 58. f6 {[%clk 0:22:55]}  Bh3 {[%clk 0:01:19]} 59. c8=Q+ {[%clk 0:23:17]} 1-0

[Event "Open"]
[Site "Saint Louis, US"]
[Date "2025.10.20"]
[Round "8"]
[White "Aronian, Levon"]
[Black "Shankland, Sam"]
[Result "1-0"]
[Board "5"]
[WhiteFideId "13300474"]
[BlackFideId "2004887"]
[WhiteTitle "GM"]
[BlackTitle "GM"]
[WhiteElo "2722"]
[BlackElo "2654"]
[WhiteTeam "USA"]
[BlackTeam "USA"]
[WhiteClock "0:06:50"]
[BlackClock "0:07:10"]
[Variant "Standard"]

1. e4 {[%clk 1:30:57]}  c5 {[%clk 1:30:46]} 2. Nf3 {[%clk 1:31:21]}  d6 {[%clk 1:31:12]} 3. d4 {[%clk 1:31:47]}  cxd4 {[%clk 1:31:37]} 4. Nxd4 {[%clk 1:32:14]}  Nf6 {[%clk 1:32:00]} 5. Nc3 {[%clk 1:32:41]}  a6 {[%clk 1:32:25]} 6. Be2 {[%clk 1:33:06]}  e6 {[%clk 1:32:09]} 7. Be3 {[%clk 1:32:22]}  Nbd7 {[%clk 1:31:29]} 8. g4 {[%clk 1:30:27]}  h6 {[%clk 1:29:57]} 9. f4 {[%clk 1:20:44]}  b5 {[%clk 1:31:40]} 10. g5 {[%clk 1:13:26]}  hxg5 {[%clk 1:32:05]} 11. fxg5 {[%clk 1:13:49]}  Rh3 {[%clk 1:32:32]} 12. Bf2 {[%clk 1:12:29]}  Ng8 {[%clk 1:32:49]} 13. g6 {[%clk 1:11:43]}  Qf6 {[%clk 1:32:48]} 14. Bh5 {[%clk 1:04:39]}  fxg6 {[%clk 1:32:24]} 15. Bg4 {[%clk 1:05:04]}  Rxc3 {[%clk 1:32:49]} 16. bxc3 {[%clk 1:05:31]}  Ne5 {[%clk 1:33:15]} 17. Bh3 {[%clk 1:05:30]}  g5 {[%clk 1:29:32]} 18. a4 {[%clk 1:02:35]}  Qh6 {[%clk 1:30:24]} 19. Bf1 {[%clk 0:59:29]}  Nf6 {[%clk 1:22:21]} 20. axb5 {[%clk 0:58:30]}  Nxe4 {[%clk 1:21:38]} 21. bxa6 {[%clk 0:50:56]}  g4 {[%clk 1:13:10]} 22. Qc1 {[%clk 0:06:04]}  Qh7 {[%clk 0:33:19]} 23. Bb5+ {[%clk 0:31:07]}  Kf7 {[%clk 0:28:49]} 24. O-O {[%clk 0:30:41]}  Kg8 {[%clk 0:28:20]} 25. Bg3 {[%clk 0:29:32]}  Be7 {[%clk 0:26:28]} 26. Bxe5 {[%clk 0:20:28]}  dxe5 {[%clk 0:26:53]} 27. Bd3 {[%clk 0:20:41]}  g3 {[%clk 0:18:02]} 28. hxg3 {[%clk 0:20:50]}  Qg6 {[%clk 0:17:54]} 29. Qe1 {[%clk 0:18:56]}  Qxg3+ {[%clk 0:17:56]} 30. Qxg3 {[%clk 0:19:20]}  Nxg3 {[%clk 0:18:23]} 31. Rfb1 {[%clk 0:12:00]}  exd4 {[%clk 0:16:17]} 32. a7 {[%clk 0:11:52]}  Bd6 {[%clk 0:15:26]} 33. cxd4 {[%clk 0:11:59]}  Kf8 {[%clk 0:14:24]} 34. Kf2 {[%clk 0:11:23]}  Ke7 {[%clk 0:13:59]} 35. c4 {[%clk 0:10:48]}  Kd8 {[%clk 0:12:55]} 36. Rg1 {[%clk 0:10:30]}  Bb7 {[%clk 0:11:05]} 37. c5 {[%clk 0:08:55]}  Bf4 {[%clk 0:11:31]} 38. Rxg3 {[%clk 0:09:20]}  Bxg3+ {[%clk 0:11:58]} 39. Kxg3 {[%clk 0:09:45]}  Kc7 {[%clk 0:12:14]} 40. Be2 {[%clk 0:09:34]}  Rf8 {[%clk 0:06:15]} 41. Rf1 {[%clk 0:08:38]}  Rf6 {[%clk 0:05:19]} 42. Rxf6 {[%clk 0:07:48]}  gxf6 {[%clk 0:05:47]} 43. Bc4 {[%clk 0:08:12]}  Kd7 {[%clk 0:05:56]} 44. Kf4 {[%clk 0:07:05]}  Ba8 {[%clk 0:05:48]} 45. Ke3 {[%clk 0:05:43]}  Bb7 {[%clk 0:05:38]} 46. Kd2 {[%clk 0:05:57]}  Ba8 {[%clk 0:05:46]} 47. Kc3 {[%clk 0:05:07]}  f5 {[%clk 0:05:55]} 48. Kd2 {[%clk 0:05:32]}  f4 {[%clk 0:06:22]} 49. Ke2 {[%clk 0:05:48]}  Ke7 {[%clk 0:06:27]} 50. Kf2 {[%clk 0:06:04]}  Kf6 {[%clk 0:06:45]} 51. Be2 {[%clk 0:06:27]}  e5 {[%clk 0:07:10]} 52. dxe5+ {[%clk 0:06:50]} 1-0

[Event "Open"]
[Site "Saint Louis, US"]
[Date "2025.10.20"]
[Round "8"]
[White "Liang, Awonder"]
[Black "So, Wesley"]
[Result "1/2-1/2"]
[Board "6"]
[WhiteFideId "2056437"]
[BlackFideId "5202213"]
[WhiteTitle "GM"]
[BlackTitle "GM"]
[WhiteElo "2710"]
[BlackElo "2756"]
[WhiteTeam "USA"]
[BlackTeam "USA"]
[WhiteClock "0:51:02"]
[BlackClock "0:23:08"]
[Variant "Standard"]

1. e4 {[%clk 1:30:59]}  e5 {[%clk 1:30:52]} 2. Nf3 {[%clk 1:31:28]}  Nc6 {[%clk 1:31:15]} 3. Bc4 {[%clk 1:31:53]}  Nf6 {[%clk 1:31:38]} 4. d3 {[%clk 1:32:19]}  Be7 {[%clk 1:32:03]} 5. O-O {[%clk 1:32:12]}  O-O {[%clk 1:32:27]} 6. Re1 {[%clk 1:32:36]}  d6 {[%clk 1:32:53]} 7. a4 {[%clk 1:33:00]}  Na5 {[%clk 1:32:54]} 8. Ba2 {[%clk 1:33:23]}  c5 {[%clk 1:33:20]} 9. Bd2 {[%clk 1:33:34]}  Nc6 {[%clk 1:33:44]} 10. Na3 {[%clk 1:33:56]}  a6 {[%clk 1:34:07]} 11. h3 {[%clk 1:33:17]}  Be6 {[%clk 1:33:34]} 12. Bxe6 {[%clk 1:30:43]}  fxe6 {[%clk 1:33:56]} 13. c3 {[%clk 1:30:43]}  h6 {[%clk 1:34:19]} 14. Nc2 {[%clk 1:28:23]}  Rc8 {[%clk 1:28:50]} 15. d4 {[%clk 1:23:23]}  exd4 {[%clk 1:09:24]} 16. cxd4 {[%clk 1:23:51]}  d5 {[%clk 1:09:48]} 17. exd5 {[%clk 1:23:37]}  exd5 {[%clk 1:10:14]} 18. dxc5 {[%clk 1:20:28]}  Bxc5 {[%clk 1:09:53]} 19. b4 {[%clk 1:17:23]}  Bb6 {[%clk 1:02:41]} 20. b5 {[%clk 1:15:50]}  axb5 {[%clk 1:02:19]} 21. axb5 {[%clk 1:16:18]}  Ne4 {[%clk 1:00:22]} 22. Be3 {[%clk 1:15:12]}  Ne7 {[%clk 1:00:34]} 23. Nb4 {[%clk 1:07:29]}  Qd6 {[%clk 0:47:33]} 24. Bxb6 {[%clk 1:03:51]}  Qxb6 {[%clk 0:47:22]} 25. Qe2 {[%clk 1:02:44]}  Rce8 {[%clk 0:41:16]} 26. Ra3 {[%clk 0:47:41]}  Qc5 {[%clk 0:35:26]} 27. Qb2 {[%clk 0:47:35]}  Qxb5 {[%clk 0:32:34]} 28. Rb3 {[%clk 0:47:14]}  Nf5 {[%clk 0:25:57]} 29. Nd3 {[%clk 0:46:11]}  Qa6 {[%clk 0:23:37]} 30. Ra1 {[%clk 0:46:06]}  Qf6 {[%clk 0:18:18]} 31. Qxf6 {[%clk 0:46:28]}  Nxf6 {[%clk 0:18:21]} 32. Rxb7 {[%clk 0:46:51]}  Re7 {[%clk 0:17:20]} 33. Rxe7 {[%clk 0:47:12]}  Nxe7 {[%clk 0:16:50]} 34. Ra7 {[%clk 0:47:37]}  Ng6 {[%clk 0:16:52]} 35. Nd4 {[%clk 0:47:54]}  Rf7 {[%clk 0:17:12]} 36. Ra8+ {[%clk 0:48:20]}  Kh7 {[%clk 0:16:59]} 37. f4 {[%clk 0:47:14]}  Nh5 {[%clk 0:06:22]} 38. f5 {[%clk 0:46:56]}  Ngf4 {[%clk 0:06:45]} 39. Ne5 {[%clk 0:47:01]}  Re7 {[%clk 0:04:33]} 40. Ne6 {[%clk 0:41:46]}  g5 {[%clk 0:02:22]} 41. g4 {[%clk 0:16:12]}  Nxe6 {[%clk 0:23:39]} 42. Ng6 {[%clk 0:46:37]}  Rb7 {[%clk 0:20:18]} 43. gxh5 {[%clk 0:47:02]}  Nf4 {[%clk 0:20:30]} 44. Nxf4 {[%clk 0:47:22]}  gxf4 {[%clk 0:20:59]} 45. Rd8 {[%clk 0:47:45]}  Kg7 {[%clk 0:20:45]} 46. Rxd5 {[%clk 0:47:22]}  Kf6 {[%clk 0:20:31]} 47. Kf2 {[%clk 0:47:48]}  Rb3 {[%clk 0:20:53]} 48. h4 {[%clk 0:48:14]}  Rh3 {[%clk 0:21:09]} 49. Ra5 {[%clk 0:48:40]}  Rxh4 {[%clk 0:21:08]} 50. Kf3 {[%clk 0:49:08]}  Kg5 {[%clk 0:21:32]} 51. f6+ {[%clk 0:49:14]}  Kxf6 {[%clk 0:21:59]} 52. Ra6+ {[%clk 0:49:39]}  Kg5 {[%clk 0:22:25]} 53. Ra5+ {[%clk 0:50:07]}  Kf6 {[%clk 0:22:52]} 54. Ra6+ {[%clk 0:50:34]}  Kg5 {[%clk 0:23:19]} 55. Ra5+ {[%clk 0:51:02]}  Kf6 {[%clk 0:23:08]} 1/2-1/2

[Event "Open"]
[Site "Saint Louis, US"]
[Date "2025.10.22"]
[Round "9"]
[White "Robson, Ray"]
[Black "Woodward, Andy"]
[Result "1/2-1/2"]
[Board "1"]
[WhiteFideId "2023970"]
[BlackFideId "30953499"]
[WhiteTitle "GM"]
[BlackTitle "GM"]
[WhiteElo "2664"]
[BlackElo "2590"]
[WhiteTeam "USA"]
[BlackTeam "USA"]
[WhiteClock "0:06:58"]
[BlackClock "0:28:01"]
[Variant "Standard"]

1. c4 {[%clk 1:30:57]}  e5 {[%clk 1:30:30]} 2. g3 {[%clk 1:31:07]}  Nf6 {[%clk 1:30:32]} 3. Bg2 {[%clk 1:31:18]}  d5 {[%clk 1:30:46]} 4. cxd5 {[%clk 1:31:30]}  Nxd5 {[%clk 1:31:06]} 5. Nf3 {[%clk 1:31:30]}  Nc6 {[%clk 1:31:19]} 6. O-O {[%clk 1:31:25]}  Nb6 {[%clk 1:31:34]} 7. b3 {[%clk 1:30:50]}  Be6 {[%clk 1:30:44]} 8. Bb2 {[%clk 1:30:45]}  f6 {[%clk 1:30:42]} 9. d4 {[%clk 1:29:34]}  e4 {[%clk 1:30:56]} 10. Ne1 {[%clk 1:29:26]}  f5 {[%clk 1:31:09]} 11. f3 {[%clk 1:29:14]}  exf3 {[%clk 1:31:21]} 12. Nxf3 {[%clk 1:29:26]}  Be7 {[%clk 1:31:28]} 13. Nc3 {[%clk 1:27:27]}  O-O {[%clk 1:30:51]} 14. e4 {[%clk 1:26:38]}  fxe4 {[%clk 1:31:08]} 15. Nxe4 {[%clk 1:26:46]}  Qd5 {[%clk 1:31:16]} 16. Qd3 {[%clk 1:19:54]}  Qh5 {[%clk 1:24:22]} 17. Rae1 {[%clk 1:18:42]}  Rae8 {[%clk 1:23:06]} 18. a3 {[%clk 1:17:25]}  a5 {[%clk 1:15:06]} 19. Qc3 {[%clk 0:59:15]}  Bd5 {[%clk 1:10:44]} 20. Nc5 {[%clk 0:54:50]}  Bf6 {[%clk 1:04:41]} 21. Ne5 {[%clk 0:36:05]}  Bxe5 {[%clk 0:44:48]} 22. dxe5 {[%clk 0:31:33]}  Bxg2 {[%clk 0:39:04]} 23. e6 {[%clk 0:20:21]}  Qg5 {[%clk 0:27:09]} 24. h4 {[%clk 0:11:46]}  Qg4 {[%clk 0:22:02]} 25. Kxg2 {[%clk 0:10:48]}  Nd5 {[%clk 0:19:41]} 26. Qc4 {[%clk 0:08:38]}  Qxc4 {[%clk 0:18:28]} 27. Rxf8+ {[%clk 0:08:44]}  Kxf8 {[%clk 0:14:38]} 28. bxc4 {[%clk 0:09:09]}  Nf6 {[%clk 0:14:59]} 29. Rd1 {[%clk 0:04:39]}  Rd8 {[%clk 0:09:47]} 30. Nd7+ {[%clk 0:01:03]}  Ke7 {[%clk 0:10:10]} 31. Rf1 {[%clk 0:00:51]}  Nxd7 {[%clk 0:05:56]} 32. exd7 {[%clk 0:01:19]}  Rg8 {[%clk 0:06:11]} 33. h5 {[%clk 0:00:40]}  Kxd7 {[%clk 0:05:03]} 34. Rf7+ {[%clk 0:00:48]}  Ne7 {[%clk 0:05:32]} 35. g4 {[%clk 0:00:32]}  Ke6 {[%clk 0:04:28]} 36. Rxg7 {[%clk 0:00:59]}  Rxg7 {[%clk 0:04:51]} 37. Bxg7 {[%clk 0:01:25]}  Nc8 {[%clk 0:04:31]} 38. Kf3 {[%clk 0:00:39]}  Nd6 {[%clk 0:00:53]} 39. c5 {[%clk 0:01:06]}  Nc4 {[%clk 0:01:05]} 40. a4 {[%clk 0:00:49]}  b6 {[%clk 0:00:31]} 41. c6 {[%clk 0:22:48]}  Nd6 {[%clk 0:26:22]} 42. Kf4 {[%clk 0:20:49]}  b5 {[%clk 0:24:57]} 43. axb5 {[%clk 0:15:13]}  Nxb5 {[%clk 0:25:21]} 44. g5 {[%clk 0:05:56]}  Kf7 {[%clk 0:25:27]} 45. Be5 {[%clk 0:05:36]}  Na7 {[%clk 0:25:35]} 46. Bxc7 {[%clk 0:05:26]}  Nxc6 {[%clk 0:25:58]} 47. Bxa5 {[%clk 0:05:09]}  Nxa5 {[%clk 0:26:22]} 48. g6+ {[%clk 0:05:36]}  hxg6 {[%clk 0:26:47]} 49. Kg5 {[%clk 0:06:03]}  gxh5 {[%clk 0:27:11]} 50. Kf5 {[%clk 0:06:08]}  Nb3 {[%clk 0:27:35]} 51. Kg5 {[%clk 0:06:34]}  Na1 {[%clk 0:28:01]} 52. Kxh5 {[%clk 0:06:58]} 1/2-1/2

[Event "Open"]
[Site "Saint Louis, US"]
[Date "2025.10.22"]
[Round "9"]
[White "Niemann, Hans Moke"]
[Black "Liang, Awonder"]
[Result "1-0"]
[Board "2"]
[WhiteFideId "2093596"]
[BlackFideId "2056437"]
[WhiteTitle "GM"]
[BlackTitle "GM"]
[WhiteElo "2738"]
[BlackElo "2710"]
[WhiteTeam "USA"]
[BlackTeam "USA"]
[WhiteClock "0:20:07"]
[BlackClock "0:14:04"]
[Variant "Standard"]

1. e4 {[%clk 1:30:52]}  e5 {[%clk 1:30:59]} 2. Nf3 {[%clk 1:31:11]}  Nc6 {[%clk 1:31:25]} 3. Bb5 {[%clk 1:31:31]}  Nf6 {[%clk 1:31:22]} 4. O-O {[%clk 1:31:50]}  Nxe4 {[%clk 1:31:47]} 5. d4 {[%clk 1:32:14]}  Nd6 {[%clk 1:32:11]} 6. Bxc6 {[%clk 1:32:38]}  dxc6 {[%clk 1:32:36]} 7. dxe5 {[%clk 1:33:02]}  Nf5 {[%clk 1:33:00]} 8. Qxd8+ {[%clk 1:33:24]}  Kxd8 {[%clk 1:33:26]} 9. h3 {[%clk 1:33:47]}  Ke8 {[%clk 1:31:33]} 10. Nc3 {[%clk 1:34:07]}  h6 {[%clk 1:29:50]} 11. Rd1 {[%clk 1:29:50]}  Be7 {[%clk 1:25:55]} 12. g4 {[%clk 1:28:50]}  Nh4 {[%clk 1:26:08]} 13. Nxh4 {[%clk 1:29:04]}  Bxh4 {[%clk 1:26:36]} 14. Kg2 {[%clk 1:24:48]}  Be7 {[%clk 1:23:21]} 15. Ne2 {[%clk 1:20:07]}  h5 {[%clk 1:22:49]} 16. f3 {[%clk 1:20:03]}  a5 {[%clk 1:06:52]} 17. a4 {[%clk 1:16:17]}  Ra6 {[%clk 1:06:36]} 18. Nf4 {[%clk 1:13:24]}  hxg4 {[%clk 1:06:59]} 19. hxg4 {[%clk 1:13:44]}  c5 {[%clk 0:56:45]} 20. Nd5 {[%clk 1:09:54]}  Bd8 {[%clk 0:57:02]} 21. Bf4 {[%clk 1:07:34]}  Re6 {[%clk 0:49:59]} 22. Rh1 {[%clk 1:07:15]}  Rg8 {[%clk 0:50:00]} 23. Bg3 {[%clk 1:02:31]}  Bd7 {[%clk 0:46:02]} 24. c4 {[%clk 0:46:41]}  b6 {[%clk 0:40:02]} 25. b3 {[%clk 0:45:08]}  c6 {[%clk 0:35:45]} 26. Nc3 {[%clk 0:45:10]}  Bc7 {[%clk 0:36:05]} 27. Rae1 {[%clk 0:43:41]}  Kd8 {[%clk 0:34:48]} 28. Rh7 {[%clk 0:39:45]}  Kc8 {[%clk 0:34:02]} 29. Ne4 {[%clk 0:32:49]}  Re7 {[%clk 0:30:56]} 30. Nf2 {[%clk 0:22:41]}  f5 {[%clk 0:26:29]} 31. g5 {[%clk 0:22:29]}  Rf8 {[%clk 0:21:30]} 32. Bf4 {[%clk 0:22:28]}  Be8 {[%clk 0:21:30]} 33. Rhh1 {[%clk 0:21:22]}  Bg6 {[%clk 0:21:26]} 34. Nh3 {[%clk 0:21:21]}  Rd8 {[%clk 0:21:18]} 35. e6 {[%clk 0:20:24]}  Rd4 {[%clk 0:15:37]} 36. Bxc7 {[%clk 0:20:34]}  Kxc7 {[%clk 0:16:06]} 37. Kg3 {[%clk 0:20:56]}  Be8 {[%clk 0:13:39]} 38. Nf4 {[%clk 0:21:15]}  b5 {[%clk 0:14:04]} 39. axb5 {[%clk 0:20:07]} 1-0

[Event "Open"]
[Site "Saint Louis, US"]
[Date "2025.10.22"]
[Round "9"]
[White "Mishra, Abhimanyu"]
[Black "Aronian, Levon"]
[Result "1/2-1/2"]
[Board "3"]
[WhiteFideId "30920019"]
[BlackFideId "13300474"]
[WhiteTitle "GM"]
[BlackTitle "GM"]
[WhiteElo "2652"]
[BlackElo "2722"]
[WhiteTeam "USA"]
[BlackTeam "USA"]
[WhiteClock "0:24:57"]
[BlackClock "1:11:48"]
[Variant "Standard"]

1. e4 {[%clk 1:30:58]}  e5 {[%clk 1:30:54]} 2. Nf3 {[%clk 1:31:22]}  Nc6 {[%clk 1:31:19]} 3. Bc4 {[%clk 1:31:47]}  Bc5 {[%clk 1:31:44]} 4. c3 {[%clk 1:31:50]}  Nf6 {[%clk 1:32:09]} 5. d3 {[%clk 1:32:15]}  O-O {[%clk 1:32:32]} 6. O-O {[%clk 1:32:36]}  d5 {[%clk 1:32:58]} 7. exd5 {[%clk 1:32:50]}  Nxd5 {[%clk 1:33:23]} 8. Re1 {[%clk 1:32:02]}  Bg4 {[%clk 1:33:36]} 9. Nbd2 {[%clk 1:32:07]}  Nb6 {[%clk 1:33:41]} 10. b4 {[%clk 1:32:10]}  Be7 {[%clk 1:34:04]} 11. a4 {[%clk 1:29:55]}  Nxc4 {[%clk 1:30:44]} 12. Nxc4 {[%clk 1:29:40]}  f6 {[%clk 1:29:50]} 13. b5 {[%clk 1:29:54]}  Nb8 {[%clk 1:30:14]} 14. d4 {[%clk 1:21:45]}  a6 {[%clk 1:25:09]} 15. bxa6 {[%clk 1:07:22]}  Rxa6 {[%clk 1:24:36]} 16. Ne3 {[%clk 1:04:57]}  Be6 {[%clk 1:23:27]} 17. dxe5 {[%clk 0:54:50]}  Qxd1 {[%clk 1:21:29]} 18. Rxd1 {[%clk 0:49:58]}  Nc6 {[%clk 1:17:48]} 19. Nd5 {[%clk 0:44:35]}  Bxd5 {[%clk 1:17:46]} 20. Rxd5 {[%clk 0:44:55]}  Rfa8 {[%clk 1:18:10]} 21. g3 {[%clk 0:40:32]}  fxe5 {[%clk 1:16:54]} 22. Nxe5 {[%clk 0:38:22]}  Nxe5 {[%clk 1:16:55]} 23. Rxe5 {[%clk 0:38:50]}  Bf6 {[%clk 1:17:05]} 24. Rb5 {[%clk 0:27:17]}  b6 {[%clk 1:16:29]} 25. Rb3 {[%clk 0:26:20]}  Rxa4 {[%clk 1:16:25]} 26. Rxa4 {[%clk 0:26:44]}  Rxa4 {[%clk 1:16:52]} 27. Bf4 {[%clk 0:26:09]}  Rc4 {[%clk 1:17:00]} 28. Bd2 {[%clk 0:26:35]}  Kf7 {[%clk 1:17:26]} 29. Kf1 {[%clk 0:26:57]}  Ke6 {[%clk 1:12:08]} 30. Ke2 {[%clk 0:27:05]}  Rc5 {[%clk 1:12:21]} 31. Kd3 {[%clk 0:24:55]}  Rd5+ {[%clk 1:11:42]} 32. Kc2 {[%clk 0:24:19]}  Rh5 {[%clk 1:06:27]} 33. h4 {[%clk 0:24:29]}  Rf5 {[%clk 1:06:00]} 34. Be3 {[%clk 0:23:09]}  Be7 {[%clk 1:06:07]} 35. c4 {[%clk 0:16:36]}  h5 {[%clk 1:04:28]} 36. Rd3 {[%clk 0:15:25]}  g6 {[%clk 1:04:02]} 37. Bf4 {[%clk 0:09:40]}  Bd6 {[%clk 1:01:39]} 38. Be3 {[%clk 0:09:34]}  Ra5 {[%clk 1:01:10]} 39. Rd4 {[%clk 0:07:20]}  b5 {[%clk 0:51:09]} 40. cxb5 {[%clk 0:06:42]}  Rxb5 {[%clk 0:50:20]} 41. Re4+ {[%clk 0:04:14]}  Kf5 {[%clk 0:49:04]} 42. Rc4 {[%clk 0:03:04]}  Rb4 {[%clk 0:44:19]} 43. Rxb4 {[%clk 0:28:38]}  Bxb4 {[%clk 1:14:44]} 44. f3 {[%clk 0:29:05]}  Bd6 {[%clk 1:14:54]} 45. Bf2 {[%clk 0:29:29]}  Ke5 {[%clk 1:15:14]} 46. Kd3 {[%clk 0:29:54]}  Kd5 {[%clk 1:15:38]} 47. g4 {[%clk 0:29:57]}  Be5 {[%clk 1:16:00]} 48. Be1 {[%clk 0:29:29]}  c5 {[%clk 1:16:13]} 49. Bf2 {[%clk 0:26:04]}  c4+ {[%clk 1:15:39]} 50. Kc2 {[%clk 0:26:18]}  Bc7 {[%clk 1:13:27]} 51. Kc3 {[%clk 0:26:12]}  Ba5+ {[%clk 1:12:17]} 52. Kc2 {[%clk 0:26:27]}  Bb4 {[%clk 1:12:43]} 53. Bg3 {[%clk 0:24:47]}  Bc5 {[%clk 1:12:13]} 54. Kc3 {[%clk 0:23:47]}  Bd4+ {[%clk 1:11:27]} 55. Kc2 {[%clk 0:24:07]}  Bc5 {[%clk 1:11:34]} 56. Kc3 {[%clk 0:24:32]}  Bd4+ {[%clk 1:11:59]} 57. Kc2 {[%clk 0:24:57]}  Bc5 {[%clk 1:11:48]} 1/2-1/2

[Event "Open"]
[Site "Saint Louis, US"]
[Date "2025.10.22"]
[Round "9"]
[White "Shankland, Sam"]
[Black "Caruana, Fabiano"]
[Result "0-1"]
[Board "4"]
[WhiteFideId "2004887"]
[BlackFideId "2020009"]
[WhiteTitle "GM"]
[BlackTitle "GM"]
[WhiteElo "2654"]
[BlackElo "2789"]
[WhiteTeam "USA"]
[BlackTeam "USA"]
[WhiteClock "0:18:20"]
[BlackClock "0:29:10"]
[Variant "Standard"]

1. e4 {[%clk 1:30:50]}  c5 {[%clk 1:30:54]} 2. Nf3 {[%clk 1:31:15]}  e6 {[%clk 1:31:20]} 3. d4 {[%clk 1:31:33]}  cxd4 {[%clk 1:31:44]} 4. Nxd4 {[%clk 1:32:00]}  Nc6 {[%clk 1:32:07]} 5. Nc3 {[%clk 1:32:24]}  a6 {[%clk 1:32:33]} 6. Be3 {[%clk 1:31:31]}  Nf6 {[%clk 1:32:09]} 7. Bd3 {[%clk 1:31:39]}  Qc7 {[%clk 1:31:40]} 8. Qe2 {[%clk 1:31:52]}  b5 {[%clk 1:30:13]} 9. Nxc6 {[%clk 1:32:09]}  Qxc6 {[%clk 1:29:47]} 10. O-O-O {[%clk 1:31:30]}  Bb7 {[%clk 1:15:52]} 11. Kb1 {[%clk 1:29:41]}  Be7 {[%clk 1:02:43]} 12. a3 {[%clk 1:23:05]}  Qc7 {[%clk 1:01:19]} 13. Bd2 {[%clk 1:17:33]}  O-O {[%clk 0:51:30]} 14. h4 {[%clk 1:10:04]}  d5 {[%clk 0:44:50]} 15. exd5 {[%clk 1:01:39]}  Nxd5 {[%clk 0:45:06]} 16. Nxd5 {[%clk 1:01:56]}  Bxd5 {[%clk 0:45:31]} 17. Bc3 {[%clk 1:01:58]}  f5 {[%clk 0:36:06]} 18. Rh3 {[%clk 0:59:09]}  Rad8 {[%clk 0:37:35]} 19. g4 {[%clk 0:55:19]}  Bf6 {[%clk 0:36:26]} 20. Bxf6 {[%clk 0:49:56]}  Rxf6 {[%clk 0:36:44]} 21. gxf5 {[%clk 0:49:43]}  exf5 {[%clk 0:37:10]} 22. Re3 {[%clk 0:48:59]}  Bf7 {[%clk 0:36:47]} 23. Re5 {[%clk 0:46:32]}  Qd6 {[%clk 0:30:47]} 24. Re1 {[%clk 0:41:33]}  Qd4 {[%clk 0:28:01]} 25. Bxf5 {[%clk 0:32:14]}  Qxh4 {[%clk 0:27:35]} 26. f3 {[%clk 0:30:50]}  Qf4 {[%clk 0:23:53]} 27. Qe4 {[%clk 0:28:37]}  Qxe4 {[%clk 0:22:54]} 28. Bxe4 {[%clk 0:29:04]}  g6 {[%clk 0:23:01]} 29. Kc1 {[%clk 0:26:13]}  Kg7 {[%clk 0:21:25]} 30. a4 {[%clk 0:24:10]}  bxa4 {[%clk 0:20:56]} 31. Ra5 {[%clk 0:23:11]}  Be8 {[%clk 0:18:15]} 32. Rc5 {[%clk 0:22:51]}  h5 {[%clk 0:15:15]} 33. c4 {[%clk 0:21:29]}  Kh6 {[%clk 0:15:01]} 34. Rg1 {[%clk 0:20:48]}  Bf7 {[%clk 0:10:20]} 35. Kc2 {[%clk 0:18:21]}  Rg8 {[%clk 0:07:28]} 36. Ra1 {[%clk 0:15:50]}  g5 {[%clk 0:05:50]} 37. Rxa4 {[%clk 0:15:42]}  g4 {[%clk 0:03:04]} 38. fxg4 {[%clk 0:15:11]}  Rxg4 {[%clk 0:03:31]} 39. Bb7 {[%clk 0:14:06]}  Bg6+ {[%clk 0:02:57]} 40. Kd2 {[%clk 0:08:41]}  Rd4+ {[%clk 0:02:31]} 41. Ke1 {[%clk 0:05:12]}  Re6+ {[%clk 0:02:44]} 42. Kf2 {[%clk 0:01:04]}  Rd2+ {[%clk 0:02:35]} 43. Kg3 {[%clk 0:23:58]}  Rd3+ {[%clk 0:32:13]} 44. Kf2 {[%clk 0:19:42]}  Rb6 {[%clk 0:30:55]} 45. b4 {[%clk 0:17:39]}  Rxb7 {[%clk 0:31:13]} 46. Rc6 {[%clk 0:18:06]}  Rf7+ {[%clk 0:28:25]} 47. Ke2 {[%clk 0:18:27]}  Rg3 {[%clk 0:28:46]} 48. Raxa6 {[%clk 0:18:20]}  h4 {[%clk 0:29:10]} 0-1